| 000 | 01071nam0a22002531 4500 | ||
|---|---|---|---|
| 001 | rc\2786062 | ||
| 005 | 20110915173903.5 | ||
| 035 | _a(NLR Aleph) 006912255 | ||
| 090 |
_a7359590 _c7359590 |
||
| 100 | _a20110915d1935 |||y0rusy50 ca | ||
| 101 | 0 | _arus | |
| 102 | _aRU | ||
| 105 | _ae z |||c| | ||
| 200 | 1 |
_aОчерки по истории Алаш-Орды _fС. Брайнин, Ш. Шафиро _gПод ред. Н. Н. Ванаг _gИн-т истории Ком. акад. при ЦИК СССР. Казахстан. науч.-иссл. ин-т марксизма-ленинизма |
|
| 210 |
_aАлма-Ата _aМосква _cКазкрайогиз _d1935 _eАлма-Ата _gтип. им. XII годовщины КазАССР |
||
| 215 |
_aПереплет, 149 с., 3 с. объявл. _d23х15 см. |
||
| 700 | 1 |
_aБрайнин _bС. Х. _gСоломон Хаймович |
|
| 701 | 1 |
_aШафиро _bШ. |
|
| 702 | 1 |
_aВанаг _bН. Н. _4340 |
|
| 801 | 0 |
_aRU _bNLR _gpsbo |
|
| 801 | 1 |
_aRU _bELAR _2rusmarc |
|
| 852 |
_aNLR _j35-4/105 |
||
| 942 | _cBOOK | ||
| 980 | _aNB | ||